Statystyki dla Wykreślanka #1. Kategoria: Polskie Miasta

Kliknij tutaj aby rozwiązać quiz!

Ogólne statystyki

  • Ten quiz został rozwiązany 1 420 razy
  • Średni wynik to 8 z 12

Odpowiedzi na mapie

Odpowiedzi skodowane kolorowo w zielono-czerwonej skali na mapie do tego quizu, zgodnie z poniższymi procentami.
 

Statystyki odpowiedzi

Odpowiedź% Poprawnych
Warszawa
91%
Toruń
88%
Kraków
85%
Kalisz
75%
Wrocław
74%
Opole
72%
Łódź
68%
Rzeszów
68%
Radom
62%
Ełk
44%
Przemyśl
42%
Konin
40%

Rozkład punktacji

Percentyl według liczby udzielonych odpowiedzi

Procent ludzi z każdym wynikiem

Twoja historia wyników

Nie rozwiązałeś tego quizu